00820nam a22002177a 4500999001900000005001700019010001500036020002600051035001400077037001300091082000800104245004000112250001900152260004200171270014100213300003100354490003500385500003000420942002200450952013000472 c166183d16618320190716122937.0 aENG-125942 a9789353431785c175.00 aEN-109474 bDBAD/PUB a510 aMathematics practice books class-10 aSecond edition aNoida bPearson India Educationc2019 a15th Floor, Tower-B, World Trade Tower, Plot No.I, Block-C, Sector 16bNoida, Uttar Pradesh e201301mcompanysecretary.india@pearson.com avarious paging.c25cm(pbk) aPearsons IIT foundation series aTrishna knowledge systems 2ddccENh510mMAT 001040708NFICaAVbAVd2019-07-16eDBAD/PUBg175.00l1o510 MATpEN-109474r2023-09-29 00:00:00s2023-09-18t1v175.00yEN